| 000 | 00452nam a22001697a 4500 | ||
|---|---|---|---|
| 003 | NUST - PNEC | ||
| 005 | 20170116180756.0 | ||
| 008 | 150404b xxu||||| |||| 00| 0 eng d | ||
| 040 | _cLIBRARY | ||
| 082 | _a297.21 IQB | ||
| 100 |
_92091 _aIqbal, Mohammad Zakria |
||
| 245 |
_aQasas-ul-Hadees _cMaulana Mohammad Zakria Iqbal |
||
| 260 |
_aKarachi: _bDarull Ashaat, |
||
| 300 |
_a342 p. : _c24 cm. |
||
| 650 |
_92092 _aIslam, Hadees |
||
| 942 |
_2ddc _cBK |
||
| 999 |
_c62749 _d62749 |
||